Uplatňování zákona "proti praní peněz" v pojišťovnictví

Smernica Európskeho parlamentu a Rady 2005/60/ES o zneužití finančného systému a financovania terorizmu, takzvaná "III. AML smernica". Vybrané ustanovenia AML zákona č. 253/2008 Zb. v poisťovníctve ČR. Trestné právo Českej republiky a úprava zákona proti legalizácii výnosov z trestnej činnosti.

Salvato in:
Dettagli Bibliografici
Autore principale: Tvrdý, Jiří
Natura: Capitolo di libro
Lingua:ceco
Soggetti:
Tags: Aggiungi Tag
Nessun Tag, puoi essere il primo ad aggiungerne!!

MARC

LEADER 00000naa a2200000 4500
001 0125985
005 20220729110434.2
041 0 |a cze 
044 |a CZ 
245 1 0 |a Uplatňování zákona "proti praní peněz" v pojišťovnictví  |c Jiří Tvrdý 
520 |a Smernica Európskeho parlamentu a Rady 2005/60/ES o zneužití finančného systému a financovania terorizmu, takzvaná "III. AML smernica". Vybrané ustanovenia AML zákona č. 253/2008 Zb. v poisťovníctve ČR. Trestné právo Českej republiky a úprava zákona proti legalizácii výnosov z trestnej činnosti. 
610 2 0 |a Európska únia 
610 2 0 |a Česko 
610 2 0 |a poisťovníctvo 
610 2 0 |a poistenie 
610 2 0 |a poisťovne 
610 2 0 |a zmluvy poistné 
610 2 0 |a poistenie životné 
610 2 0 |a udalosti poistné 
610 2 0 |a pranie špinavých peňazí 
610 2 0 |a zodpovednosť trestná 
610 2 0 |a zákony 
610 2 0 |a smernice 
100 1 |a Tvrdý, Jiří